|
|
|
|
| LEADER |
00000nam a22000007a 4500 |
| 005 |
20151217112219.0 |
| 007 |
cr|||| ||u| |
| 008 |
151217s2011 ck ||||| |||| 00| 0 spa d |
| 020 |
|
|
|a 958-738-216-1
|
| 035 |
|
|
|a 12977
|
| 040 |
|
|
|a vLex
|
| 090 |
|
|
|c 5747
|d 5747
|
| 100 |
1 |
|
|a Alpargatero Ulloa, Leidy Lizbeth
|
| 245 |
1 |
3 |
|a La polt̕ica pb︢lica de desplazamiento forzado en Colombia: una visin̤ desde el pensamiento complejo
|h [Recurso electrn̤ico] /
|c Leidy Lizbeth Alpargatero Ulloa
|
| 256 |
|
|
|a Servicio en ln̕ea
|
| 260 |
|
|
|a Colombia
|b Editorial Universidad de Rosario (Colombia)
|c 2011
|
| 300 |
|
|
|a 1 recurso electrn̤ico (140 Pg̀inas.)
|
| 506 |
1 |
|
|a Contenido solo disponible en los productos indicados
|d vLex Global
|d vLex Global (Academic Edition, excluding Law Schools)
|d vLex Global (U.S. Academic Edition, Law Schools)
|d vLex Global (U.S. Academic Edition, excluding Law Schools)
|d vLex Global (Academic Edition, Law Schools)
|
| 650 |
0 |
4 |
|a Polt̕ica pb︢lica
|z Colombia
|
| 740 |
|
|
|a vLex libros (servicio en ln̕ea)
|
| 856 |
4 |
0 |
|u http://vlex.com/source/politica-publica-desplazamiento-forzado-colombia-vision-pensamiento-complejo-12977
|z Acceso restringido
|
| 942 |
|
|
|c BOOK
|
| 999 |
0 |
|
|a Political planning
|